000 00668nam a2200277Ia 4500
005 20260324144508.0
008 008 260324s9999 xx 000 0 eng d
020 _a9780429266799
037 _aEBOOK
040 _aCRL
040 _beng
040 _cCRL
041 _2eng
041 _aeng
084 _qCRL
100 _aJoyce Lewinger Moock
_91219532
245 0 _aUnderstanding Africa's Rural Households And Farming Systems
260 _bTaylor and Francis
260 _c1987
365 _a
365 _b230
856 _uhttp://www.taylorfrancis.com/books/9780429266799
942 _cEBOOK
999 _c1826217
_d1826217